00313nam a22001217a 4500008004100000020001800041100003000059245004700089250001200136260002600148300000900174650000800183240312b |||||||| |||| 00| 0 eng d a9789356063570 aS. J. Russell & P. Norvig aArtificial Intelligence A Modern Approach  a4th Ed. aNoidabPearson c2024 a1288 aCSE